Most Appearances and Goals at the FIFA World Cup for Spain - Statistics

General Stats
  • This quiz has been taken 190 times
    141 since last reset
  • The average score is 15 of 24
Answer Stats
Answer % Correct
Andrés Iniesta
97%
Xavi
95%
David Villa
94%
Sergio Busquets
92%
Sergio Ramos
92%
Iker Casillas
89%
Fernando Torres
85%
Carles Puyol
84%
Gerard Piqué
84%
Raul
78%
Jordi Alba
74%
Álvaro Morata
71%
Fernando Hierro
69%
Xabi Alonso
69%
Emilio Butragueño
65%
Fernando Morientes
54%
Diego Costa
52%
Luis Enrique
39%
Andoni Zubizarreta
37%
Michel
29%
Julio Salinas
18%
Telmo Zarra
14%
Jose Luis Caminero
13%
Estanislao Basora
6%
No matching quizzes found
Score Distribution
Percent of People with Each Score
Percentile by Number Answered
Your Score History
You have not taken this quiz since the last reset